Forces that the USA Has Fought Against - Wars Starting from 1876-1899 - Statistics

General Stats
  • This quiz has been taken 34 times
  • The average score is 9 of 18
Answer Stats
Hint Answer % Correct
Spanish-American War Spain/Cuba/Guam/Philippines/Puerto Rico
100%
Boxer Rebellion Boxers/China (from 1900)
84%
Cheyenne War Cheyenne
84%
Philippine-American War Philippine Republic/Zamboanga Republic/Empire of Japan/Shishi/Tagalog Republic/Irrenconcilables
84%
Ghost Dance War Sioux
84%
Egyptian Expedition Egypt
71%
Crow War Crow people
65%
Yaqui Wars Yaqui/Pima/Opata
65%
Nez Perce War Nez Perce/Palouse
58%
Moro Rebellion Moro/Remnants of the Sulu Sultanate
52%
Bannock War Bannock/Shoshone/Paiute
32%
Buffalo Hunters' War Comanche/Apache
32%
Second Samoan Civil War Mataafans/German Empire
32%
Victorio's War Apache
29%
Great Sioux War of 1876 Lakota/Dakota Sioux/Northern Cheyenne/Arapaho
29%
Sheepeater Indian War Shoshone
13%
White River War Ute
13%
Garza War Garzistas
3%
No matching quizzes found
Score Distribution
Percent of People with Each Score
Percentile by Number Answered
Your Score History
You have not taken this quiz